[Event "29th SPRING FESTIVAL -  BUDAPEST"]
[Site "Budapest"]
[Date "2012.03.21"]
[Round "4.1"]
[White "Bach, Matthias"]
[Black "Hujbert, Florian"]
[Result "1/2-1/2"]
[WhiteElo "2263"]
[BlackElo "2429"]
[PlyCount "116"]
[EventDate "2012.03.18"]

1. d4 d5 2. Nc3 e6 3. Bf4 Nf6 4. f3 Bb4 5. Qd2 O-O 6. a3 Ba5 7. b4 Bb6 8. e3
Nbd7 9. Na4 Re8 10. c4 dxc4 11. Bxc4 c6 12. Nxb6 axb6 13. Ne2 b5 14. Bd3 Nd5
15. Bg3 e5 16. e4 N5b6 17. O-O exd4 18. f4 Nf6 19. e5 Ng4 20. Rf3 Kh8 21. h3
Ne3 22. f5 Nbc4 23. Bxc4 bxc4 24. e6 fxe6 25. f6 gxf6 26. Bh4 Rf8 27. Rxe3 e5
28. Rxe5 d3 29. Rh5 Bxh3 30. Nc3 Bg4 31. Rh6 Qd4+ 32. Bf2 Qd7 33. Ne4 Qf5 34.
Nxf6 Rxf6 35. Bd4 Raf8 36. Qc3 Kg7 37. Rxf6 Rxf6 38. Qxc4 Be2 39. Qc3 Kg6 40.
Bxf6 Qxf6 41. Qxf6+ Kxf6 42. Kf2 Ke5 43. Ke3 b5 44. Rc1 Kd6 45. Rc5 h5 46. g3
Kd7 47. Rg5 Ke6 48. Rg6+ Kd7 49. Rf6 Kc7 50. Kd2 Kd7 51. Kc3 Kc7 52. Rf4 Kd6
53. Rd4+ Kc7 54. Kb3 Bd1+ 55. Kb2 Be2 56. Kc3 Kc8 57. Kd2 Kc7 58. Ke3 Bf1
1/2-1/2

[Event "29th SPRING FESTIVAL -  BUDAPEST"]
[Site "Budapest"]
[Date "2012.03.21"]
[Round "4.2"]
[White "Horvath, David"]
[Black "Gal, Hanna Krisztina"]
[Result "1-0"]
[WhiteElo "2389"]
[BlackElo "2057"]
[PlyCount "115"]
[EventDate "2012.03.18"]

1. c4 e6 2. Nf3 d5 3. d4 c5 4. cxd5 exd5 5. Nc3 Nc6 6. g3 Nf6 7. Bg2 Be7 8. O-O
O-O 9. dxc5 Bxc5 10. a3 d4 11. Na4 Be7 12. b4 Bf5 13. b5 Na5 14. Nxd4 Be4 15.
Bxe4 Nxe4 16. Qd3 Qd5 17. Bb2 Nc4 18. Nc3 Nxc3 19. Bxc3 Bf6 20. e4 Ne5 21. exd5
Nxd3 22. Rfd1 Nc5 23. Rac1 Rfd8 24. Nf5 Ne4 25. Bxf6 Nxf6 26. Rc7 Rab8 27. Kg2
Kf8 28. d6 Ne8 29. Re1 g6 30. Nh6 Nxd6 31. Ree7 Rbc8 32. Rxf7+ Nxf7 33. Rxf7+
Ke8 34. Rxh7 Rc3 35. Ng4 Rd6 36. Rxb7 Rxa3 37. Ne5 Re6 38. Rb8+ Ke7 39. Rb7+
Ke8 40. Rb8+ Ke7 41. Nc6+ Kd6 42. Ra8 Rf6 43. Rxa7 Rxa7 44. Nxa7 Kc5 45. f4 Kb6
46. Nc6 Kxb5 47. Ne5 Ra6 48. h4 Kc5 49. Kf3 Kd6 50. Kg4 Ke7 51. Kg5 Kf8 52.
Nxg6+ Kg7 53. f5 Ra3 54. g4 Rb3 55. h5 Rb6 56. h6+ Kg8 57. Kh5 Kh7 58. g5 1-0

[Event "29th SPRING FESTIVAL -  BUDAPEST"]
[Site "Budapest"]
[Date "2012.03.21"]
[Round "4.3"]
[White "Kubacsny, Laszlo"]
[Black "Szalanczy, Emil"]
[Result "1-0"]
[WhiteElo "2256"]
[BlackElo "2237"]
[PlyCount "61"]
[EventDate "2012.03.18"]

1. e4 c5 2. Nf3 d6 3. d4 cxd4 4. Nxd4 Nf6 5. Nc3 g6 6. Bc4 Bg7 7. h3 Nc6 8. Bb3
O-O 9. Be3 Na5 10. O-O b6 11. f4 Bb7 12. e5 Ne4 13. Nxe4 Bxe4 14. Qg4 h5 15.
Qg3 e6 16. Rad1 d5 17. Qf2 Rc8 18. c3 Qe7 19. g4 hxg4 20. hxg4 f5 21. gxf5 gxf5
22. Qh2 Nc6 23. Kf2 Nxe5 24. fxe5 f4 25. Bc1 Kf7 26. Qh5+ Bg6 27. Qg4 Bxe5 28.
Nxe6 Be4 29. Ng5+ Kf6 30. Nxe4+ dxe4 31. Qh4+ 1-0

[Event "29th SPRING FESTIVAL -  BUDAPEST"]
[Site "Budapest"]
[Date "2012.03.21"]
[Round "4.4"]
[White "Farkas, Richard"]
[Black "Keschitz, Gyorgy"]
[Result "1/2-1/2"]
[WhiteElo "2121"]
[BlackElo "2223"]
[PlyCount "97"]
[EventDate "2012.03.18"]

1. e4 c5 2. Nf3 Nc6 3. Bb5 g6 4. O-O Bg7 5. Bxc6 dxc6 6. d3 Nf6 7. Nc3 O-O 8.
h3 Ne8 9. Qe2 Nc7 10. Bf4 Ne6 11. Be5 Nd4 12. Bxd4 cxd4 13. Nb1 e5 14. Nbd2 f6
15. Nh2 Be6 16. f4 exf4 17. Rxf4 Qc7 18. Rff1 Rae8 19. Nhf3 c5 20. b3 b5 21. a4
a6 22. axb5 axb5 23. Ra3 Bd5 24. Rfa1 Bb7 25. Ra5 Qb6 26. Qf2 f5 27. exf5 gxf5
28. R5a2 Re3 29. Qh4 Qg6 30. Qg5 Qxg5 31. Nxg5 Bh6 32. Ndf3 Bxg5 33. Nxg5 Rg3
34. Ne6 Rxg2+ 35. Kf1 Re8 36. Nxc5 Bc6 37. c4 Rg3 38. cxb5 Bxb5 39. Rg2 Rxg2
40. Kxg2 Re2+ 41. Kf3 Re3+ 42. Kf4 Rxh3 43. Rg1+ Kf7 44. Kxf5 Bxd3+ 45. Nxd3
Rxd3 46. Ke4 Rxb3 47. Kxd4 Rf3 48. Ke4 Rf6 49. Rg4 1/2-1/2

[Event "29th SPRING FESTIVAL -  BUDAPEST"]
[Site "Budapest"]
[Date "2012.03.21"]
[Round "4.5"]
[White "Borda, Lajos"]
[Black "Nagy, Ervin"]
[Result "0-1"]
[WhiteElo "2135"]
[BlackElo "2256"]
[PlyCount "84"]
[EventDate "2012.03.18"]

1. e4 c5 2. Nf3 Nc6 3. Bb5 g6 4. d4 cxd4 5. Nxd4 Bg7 6. Nb3 Nf6 7. Nc3 O-O 8.
O-O d6 9. h3 Be6 10. Qe2 Rc8 11. Be3 Bxb3 12. axb3 a6 13. Bxc6 Rxc6 14. Rfd1
Qc7 15. Rd2 Rxc3 16. bxc3 Nxe4 17. Rd3 Nxc3 18. Qe1 Rc8 19. Bd4 Bxd4 20. Rxd4
d5 21. Qd2 e5 22. Rxd5 Nxd5 23. Qxd5 Rd8 24. Qf3 f5 25. Rd1 e4 26. Rxd8+ Qxd8
27. Qc3 Qd1+ 28. Kh2 Qd6+ 29. Kg1 Qd1+ 30. Kh2 Qd6+ 31. Kg1 Qc6 32. Qe5 Qd7 33.
Qb8+ Kf7 34. Qh8 Ke6 35. Qg8+ Ke5 36. Qh8+ Kd5 37. Qf6 Kc5 38. Qc3+ Kb6 39.
Qe3+ Kc7 40. Qc5+ Kb8 41. c4 Qd1+ 42. Kh2 Qxb3 0-1

[Event "29th SPRING FESTIVAL -  BUDAPEST"]
[Site "Budapest"]
[Date "2012.03.21"]
[Round "4.6"]
[White "Brustkern, Juergen"]
[Black "Lim, Kian Hwa"]
[Result "1-0"]
[WhiteElo "2237"]
[BlackElo "1839"]
[PlyCount "57"]
[EventDate "2012.03.18"]

1. e4 e5 2. Nf3 Nc6 3. d4 exd4 4. Bc4 Be7 5. c3 Nf6 6. e5 Ne4 7. Bd5 Ng5 8.
Nxg5 Bxg5 9. Qh5 Qe7 10. Qxg5 f6 11. Qh5+ g6 12. Qe2 d3 13. Qxd3 Nxe5 14. Qe2
c6 15. Bb3 d5 16. O-O Bg4 17. Qe3 O-O 18. f4 Rfe8 19. fxe5 fxe5 20. Qg3 Bf5 21.
Rxf5 Kh8 22. Bg5 Qc5+ 23. Be3 Qd6 24. Rf1 c5 25. Qh4 h5 26. Qg5 Kg8 27. Bxd5+
Re6 28. Bxe6+ Qxe6 29. Rf6 1-0

[Event "29th SPRING FESTIVAL -  BUDAPEST"]
[Site "Budapest"]
[Date "2012.03.21"]
[Round "4.7"]
[White "Piroska, Istvan"]
[Black "Juhasz, Armin"]
[Result "1-0"]
[WhiteElo "2082"]
[BlackElo "2192"]
[PlyCount "81"]
[EventDate "2012.03.18"]

1. e4 c5 2. Nf3 Nc6 3. d4 cxd4 4. Nxd4 g6 5. c4 Nf6 6. Nc3 d6 7. Be2 Bg7 8. Be3
O-O 9. O-O Bd7 10. Rc1 a5 11. Ndb5 Nb4 12. a3 Na6 13. f3 Bxb5 14. Nxb5 Nd7 15.
Qd2 Ndc5 16. Bd1 a4 17. Rf2 Nb8 18. Bd4 Bxd4 19. Qxd4 Nc6 20. Qe3 Ne5 21. Rc3
Qa5 22. f4 Nxc4 23. Rxc4 Qxb5 24. Rc3 Rac8 25. Rfc2 Qd7 26. f5 Rc6 27. Qh6 Nxe4
28. Rh3 Nf6 29. Rf2 Rfc8 30. Rf1 Rc1 31. fxg6 fxg6 32. Bb3+ axb3 33. Rxc1 Rxc1+
34. Qxc1 Qb5 35. Qe3 Qf5 36. Qxb3+ d5 37. Rf3 Qe4 38. Qe3 e5 39. Qb6 Qe1+ 40.
Rf1 Qe3+ 41. Qxe3 1-0

[Event "29th SPRING FESTIVAL -  BUDAPEST"]
[Site "Budapest"]
[Date "2012.03.21"]
[Round "4.8"]
[White "Domanski, Lukasz"]
[Black "Juracsik, Jozsef"]
[Result "0-1"]
[WhiteElo "1594"]
[BlackElo "2136"]
[PlyCount "46"]
[EventDate "2012.03.18"]

1. e4 c5 2. Nf3 d6 3. d4 cxd4 4. Nxd4 Nf6 5. Nc3 a6 6. f4 Nbd7 7. Bd3 e6 8. Nf3
Qc7 9. a4 b6 10. O-O Bb7 11. Qe1 Be7 12. Qg3 g6 13. Bd2 h6 14. Rae1 O-O-O 15.
Ra1 g5 16. Qf2 gxf4 17. Qe2 Nc5 18. Rfc1 d5 19. e5 Nfe4 20. b4 Nxd2 21. Qxd2
Ne4 22. Bxe4 dxe4 23. Nd4 Bxb4 0-1

[Event "29th SPRING FESTIVAL -  BUDAPEST"]
[Site "Budapest"]
[Date "2012.03.21"]
[Round "4.9"]
[White "Grimm, Gyorgy"]
[Black "Zentai, Peter"]
[Result "1/2-1/2"]
[WhiteElo "2066"]
[BlackElo "2269"]
[PlyCount "84"]
[EventDate "2012.03.18"]

1. e4 d5 2. exd5 Qxd5 3. Nf3 Nf6 4. d4 g6 5. Be2 Bg7 6. O-O O-O 7. c4 Qd8 8.
Nc3 Na6 9. h3 c5 10. Be3 cxd4 11. Bxd4 Nb4 12. Bc5 Nc6 13. Qb3 Qa5 14. Qb5 Qc7
15. Qb3 Be6 16. Nb5 Qc8 17. Nbd4 Re8 18. Rfe1 Bd7 19. Qa3 Ne4 20. Nxc6 Qxc6 21.
Be3 Nd6 22. Rac1 Nf5 23. Bd2 e5 24. Bc3 f6 25. b3 Be6 26. Qb2 Nd6 27. Nd2 Rad8
28. Bf3 Qc8 29. Ne4 Nf5 30. Rcd1 Qc7 31. Qc1 Nh4 32. Be2 Qc6 33. f3 Nf5 34.
Rxd8 Rxd8 35. Rd1 Qc7 36. Rxd8+ Qxd8 37. Qd2 Qc7 38. Kh1 b6 39. Qd3 Qe7 40. c5
bxc5 41. Qa6 Bf7 42. Bc4 h5 1/2-1/2

[Event "29th SPRING FESTIVAL -  BUDAPEST"]
[Site "Budapest"]
[Date "2012.03.21"]
[Round "4.10"]
[White "Koczo, Kristof"]
[Black "Opl, Klaus"]
[Result "1-0"]
[WhiteElo "2219"]
[BlackElo "2010"]
[PlyCount "97"]
[EventDate "2012.03.18"]

1. d4 Nf6 2. c4 g6 3. Nc3 Bg7 4. e4 d6 5. h3 O-O 6. Bg5 h6 7. Be3 e5 8. d5 a5
9. Bd3 Na6 10. Rc1 Nd7 11. Qd2 Kh7 12. g4 Ndc5 13. Bb1 Bd7 14. Nge2 Rb8 15. Ng3
Qe7 16. f3 Qh4 17. Bf2 Qf6 18. Ke2 Rfe8 19. h4 Qe7 20. Be3 Qd8 21. h5 g5 22.
Bc2 Qc8 23. Kf2 Qd8 24. Rhd1 Bf6 25. Kg2 Bg7 26. Nh1 Bf6 27. Nf2 Bg7 28. Nd3 b6
29. Nxc5 Nxc5 30. Bxc5 bxc5 31. Ba4 Bxa4 32. Nxa4 Qd7 33. Nc3 Ra8 34. Nb5 Rec8
35. Rc3 Qe8 36. Ra3 f5 37. exf5 e4 38. Re1 exf3+ 39. Kxf3 Qh8 40. Re7 Kg8 41.
Qe2 Be5 42. Re3 Rab8 43. b3 Qf6 44. Re6 Qf8 45. Rg6+ Kh7 46. Na7 Re8 47. Nc6
Bf4 48. Ree6 Rxe6 49. Qxe6 1-0

[Event "29th SPRING FESTIVAL -  BUDAPEST"]
[Site "Budapest"]
[Date "2012.03.21"]
[Round "4.11"]
[White "Cross, Ted"]
[Black "Marjanovics, Gyorgy"]
[Result "0-1"]
[WhiteElo "2041"]
[BlackElo "2116"]
[PlyCount "122"]
[EventDate "2012.03.18"]

1. e4 e5 2. Nf3 Nc6 3. d4 exd4 4. Bc4 Bc5 5. c3 Nf6 6. cxd4 Bb4+ 7. Bd2 Nxe4 8.
Bxb4 Nxb4 9. Bxf7+ Kxf7 10. Qb3+ d5 11. Qxb4 Rf8 12. O-O Kg8 13. Qb3 c6 14. Qe3
Qf6 15. Nc3 Bf5 16. Ne5 Rad8 17. f3 Nd6 18. b3 Bc8 19. Rae1 Rfe8 20. Qd2 Nf5
21. f4 Nd6 22. g4 Qh4 23. Qf2 Qh3 24. Re3 Qh6 25. Kg2 Qf6 26. Rh3 Re7 27. Qc2
g6 28. Rg3 Rf8 29. Rff3 Kh8 30. Rh3 Kg7 31. Rf2 Nf7 32. Rhf3 Ree8 33. h3 Nd8
34. Nd1 Ne6 35. Qd2 Kh8 36. Ne3 Ng7 37. h4 h5 38. f5 gxf5 39. gxf5 Rg8 40. Rg3
Nxf5 41. Nxf5 Bxf5 42. Qh6+ Qxh6 43. Nf7+ Kh7 44. Nxh6 Be4+ 45. Kh2 Rxg3 46.
Kxg3 Kxh6 47. Rf7 Rg8+ 48. Kf4 Rg7 49. Rf6+ Bg6 50. Rd6 Re7 51. Kf3 a5 52. a3
Kg7 53. b4 axb4 54. axb4 Kh6 55. b5 Re4 56. b6 Rxd4 57. Rd7 Rxh4 58. Rxb7 Rb4
59. Rb8 Kg5 60. b7 c5 61. Rd8 Be4+ 0-1

[Event "29th SPRING FESTIVAL -  BUDAPEST"]
[Site "Budapest"]
[Date "2012.03.21"]
[Round "4.12"]
[White "Kun, Joan"]
[Black "Bodrogi, Mihaly"]
[Result "0-1"]
[WhiteElo "1859"]
[BlackElo "2076"]
[PlyCount "46"]
[EventDate "2012.03.18"]

1. d4 c5 2. c3 Qa5 3. dxc5 Qxc5 4. Nf3 e5 5. Nbd2 Nf6 6. Nb3 Qc7 7. Bg5 Be7 8.
e3 O-O 9. Be2 d6 10. O-O Be6 11. Qc2 Nbd7 12. Rad1 h6 13. Bh4 Rfe8 14. Bg3 Bf8
15. e4 Nh5 16. Ne1 Nxg3 17. hxg3 a6 18. Nd2 b5 19. Qb1 Nb6 20. Ndf3 Rac8 21.
Nd3 a5 22. Nde1 b4 23. cxb4 axb4 0-1

[Event "29th SPRING FESTIVAL -  BUDAPEST"]
[Site "Budapest"]
[Date "2012.03.21"]
[Round "4.13"]
[White "Horvath, Jeno Kalman"]
[Black "Polyanszky-Tamasi, Zoltan"]
[Result "1/2-1/2"]
[WhiteElo "2029"]
[BlackElo "1811"]
[PlyCount "45"]
[EventDate "2012.03.18"]

1. e4 c6 2. d4 d5 3. exd5 cxd5 4. c3 a6 5. Bf4 Nf6 6. Nf3 Bg4 7. h3 Bh5 8. Nbd2
e6 9. Qb3 b5 10. a4 Qa5 11. Bd3 Bg6 12. Be2 Be7 13. O-O b4 14. Ne5 O-O 15. c4
Nfd7 16. Bf3 Nxe5 17. Bxe5 Nc6 18. cxd5 Nxe5 19. dxe5 exd5 20. Rfd1 Rfd8 21.
Nf1 Be4 22. Ng3 Bxf3 23. Qxf3 1/2-1/2

[Event "29th SPRING FESTIVAL -  BUDAPEST"]
[Site "Budapest"]
[Date "2012.03.21"]
[Round "4.15"]
[White "Marcu, Simon"]
[Black "Letay, Gyula"]
[Result "0-1"]
[WhiteElo "1910"]
[BlackElo "1967"]
[PlyCount "75"]
[EventDate "2012.03.18"]

1. d4 d5 2. Nf3 e6 3. g3 c6 4. Bg2 f5 5. O-O Bd6 6. Nbd2 Nf6 7. c4 O-O 8. b3
Qe7 9. Bb2 Bd7 10. Ne5 Be8 11. f3 Bh5 12. Qe1 Nbd7 13. e4 fxe4 14. fxe4 Nxe5
15. dxe5 Bc5+ 16. Kh1 Ng4 17. h3 Ne3 18. g4 Nxf1 19. Nxf1 Bf2 20. Qd1 Bf7 21.
exd5 cxd5 22. Qe2 Bb6 23. cxd5 exd5 24. Ne3 Qc5 25. Nf5 Be6 26. Nd4 Qe7 27. Rd1
Bxd4 28. Bxd4 b6 29. Qb5 Rad8 30. a4 Qh4 31. Kg1 Qg3 32. Rd3 Qe1+ 33. Kh2 Qe2
34. Kg3 Rd7 35. Bf3 Qe1+ 36. Kg2 Rc8 37. Bd1 Rc1 38. Re3 0-1

[Event "29th SPRING FESTIVAL -  BUDAPEST"]
[Site "Budapest"]
[Date "2012.03.21"]
[Round "4.16"]
[White "Allahverdi, Maryam"]
[Black "Marjanovics, Annamaria"]
[Result "0-1"]
[WhiteElo "1807"]
[BlackElo "1921"]
[PlyCount "132"]
[EventDate "2012.03.18"]

1. e4 e5 2. Nf3 Nc6 3. Bb5 a6 4. Ba4 Nf6 5. O-O Be7 6. Re1 b5 7. Bb3 d6 8. c3
O-O 9. h3 Nb8 10. d4 Nbd7 11. Nbd2 Bb7 12. a4 c5 13. d5 c4 14. Bc2 Re8 15. Nf1
Bf8 16. Ng3 g6 17. Be3 h6 18. Qe2 Qc7 19. Rec1 Nc5 20. Qd1 Kh7 21. Nd2 Nfd7 22.
axb5 axb5 23. Rxa8 Rxa8 24. Ra1 Ba6 25. Ne2 Bg7 26. Nc1 Nb6 27. Bxc5 Qxc5 28.
Na2 Bb7 29. Nb4 Rf8 30. Qf3 h5 31. g4 hxg4 32. hxg4 Bh6 33. Qh3 Kg7 34. Nf3 Rh8
35. Qg2 Bf4 36. Kf1 Nd7 37. Ke2 Qc8 38. g5 Qd8 39. b3 Nc5 40. bxc4 bxc4 41. Ra7
Rh5 42. Qg4 Bc8 43. Qg1 Qh8 44. Ra8 Qd8 45. Nc6 Qd7 46. Qg2 Qg4 47. Kf1 Qd7 48.
Ra7 Qxa7 49. Nxa7 Bh3 50. Nc8 Bxg2+ 51. Kxg2 Nb7 52. Ba4 Rh8 53. Nb6 Na5 54.
Nd7 Bc1 55. Bb5 Rd8 56. Kf1 Bb2 57. Nd2 Bxc3 58. Ke2 Bxd2 59. Kxd2 Nb3+ 60. Kc3
Nd4 61. Ba4 Nf3 62. Kxc4 Nxg5 63. Kd3 Ra8 64. Bc2 Ra3+ 65. Kc4 Nf3 66. Kb5 Nd4+
0-1

[Event "29th SPRING FESTIVAL -  BUDAPEST"]
[Site "Budapest"]
[Date "2012.03.21"]
[Round "4.17"]
[White "Dlauchy, Peter"]
[Black "Varga, Attila"]
[Result "0-1"]
[WhiteElo "1832"]
[BlackElo "1758"]
[PlyCount "78"]
[EventDate "2012.03.18"]

1. e4 e6 2. d4 d5 3. e5 c5 4. c3 Nc6 5. Nf3 Nge7 6. Bd3 cxd4 7. cxd4 Bd7 8. O-O
Qb6 9. Bc2 g6 10. Nc3 Nf5 11. Na4 Qc7 12. a3 Na5 13. Nc3 Bg7 14. Bd3 a6 15. Ne2
Qb6 16. Bd2 Nb3 17. Rb1 Nbxd4 18. Nexd4 Nxd4 19. Nxd4 Qxd4 20. Bc3 Qb6 21. Re1
O-O 22. Qe2 Rac8 23. h4 Bb5 24. Rbd1 Bxd3 25. Rxd3 Rc4 26. g3 Re4 27. Qd2 Rxe1+
28. Qxe1 Rc8 29. Bd4 Qb5 30. Rc3 Rxc3 31. Qxc3 Qc4 32. Qe3 Qc7 33. Kg2 b5 34.
Kh3 h5 35. f4 Bf8 36. Kg2 Qc2+ 37. Kh3 Be7 38. Bc3 Qd1 39. Qa7 Qh1# 0-1

[Event "29th SPRING FESTIVAL -  BUDAPEST"]
[Site "Budapest"]
[Date "2012.03.21"]
[Round "4.18"]
[White "Pogats, Jozsef Jr"]
[Black "Wiman, Kenneth"]
[Result "1/2-1/2"]
[WhiteElo "1781"]
[BlackElo "1918"]
[PlyCount "137"]
[EventDate "2012.03.18"]

1. e4 e6 2. d4 d5 3. Nc3 Nf6 4. Bg5 Be7 5. e5 Nfd7 6. Bxe7 Qxe7 7. f4 a6 8. Nf3
c5 9. Be2 Nc6 10. dxc5 Qxc5 11. Qd2 b5 12. a4 b4 13. Na2 a5 14. Nc1 Ba6 15.
Bxa6 Rxa6 16. Nb3 Qb6 17. Nbd4 Nxd4 18. Nxd4 Nc5 19. f5 Ne4 20. Qd3 O-O 21. Rf1
Raa8 22. f6 gxf6 23. exf6 Kh8 24. O-O-O Rg8 25. Qf3 Rac8 26. g4 Rc4 27. Nb3 Qc6
28. Qd3 Qxa4 29. Rf3 Qa2 30. Rh3 Rc3 31. Qf1 Rxc2+ 32. Kxc2 Rc8+ 33. Kd3 Qxb3+
34. Ke2 Qxb2+ 35. Ke3 Qe5 36. Rh5 Ng5+ 37. Kf2 Rc2+ 38. Kg1 Qe3+ 39. Kh1 Rf2
40. Qd3 Qxd3 41. Rxd3 Ne4 42. g5 Kg8 43. Rdh3 Rf5 44. Kg2 Nxg5 45. Rg3 Rxf6 46.
Rhxg5+ Kf8 47. Rg8+ Ke7 48. Ra8 Rf4 49. Rxa5 Kf6 50. Rf3 Ke5 51. Ra4 f5 52.
Rxf4 Kxf4 53. Rxb4+ Ke3 54. Rb3+ Kd2 55. Rb6 e5 56. Rb5 d4 57. Rxe5 d3 58. Rxf5
Kd1 59. Rd5 d2 60. Rxd2+ Kxd2 61. Kf3 Kd3 62. h4 Kd4 63. Kf4 Kd5 64. Kg5 Ke6
65. Kh6 Kf7 66. Kxh7 Kf8 67. h5 Kf7 68. h6 Kf8 69. Kh8 1/2-1/2

[Event "29th SPRING FESTIVAL -  BUDAPEST"]
[Site "Budapest"]
[Date "2012.03.21"]
[Round "4.19"]
[White "Mihaly, Zoltan"]
[Black "Simon, Lili"]
[Result "0-1"]
[WhiteElo "1803"]
[BlackElo "1876"]
[PlyCount "89"]
[EventDate "2012.03.18"]

1. c4 e5 2. g3 Nf6 3. Bg2 c6 4. Nf3 e4 5. Ng5 d5 6. Qb3 h6 7. Nh3 Nbd7 8. cxd5
Nc5 9. Qc2 cxd5 10. b4 Ne6 11. Bb2 Be7 12. O-O O-O 13. a3 b5 14. f3 Qb6+ 15. e3
Bb7 16. fxe4 Rac8 17. Qb3 dxe4 18. Nc3 Rfd8 19. Rad1 Rd7 20. Nf2 Rc4 21. Qa2 a6
22. Qb1 Ng5 23. Ne2 a5 24. Bd4 Qd8 25. Rc1 Nf3+ 26. Bxf3 exf3 27. Nc3 axb4 28.
d3 Rcxd4 29. exd4 bxc3 30. Rxc3 Nd5 31. Rb3 Ne3 32. Re1 Ng2 33. Re5 Bc6 34. d5
Rxd5 35. Rxd5 Qxd5 36. Kf1 Bc5 37. Rb2 Bd4 38. Rd2 Ne3+ 39. Kg1 Ng4 40. h3
Bxf2+ 41. Rxf2 Nxf2 42. Kxf2 Qd4+ 43. Kf1 Qe3 44. Qc2 Bd7 45. g4 0-1

[Event "29th SPRING FESTIVAL -  BUDAPEST"]
[Site "Budapest"]
[Date "2012.03.21"]
[Round "4.20"]
[White "Czipp, Janos"]
[Black "Schatzer, Andras"]
[Result "0-1"]
[WhiteElo "1426"]
[BlackElo "1782"]
[PlyCount "63"]
[EventDate "2012.03.18"]

1. d4 Nf6 2. Nf3 c5 3. d5 g6 4. Bg5 Bg7 5. c3 O-O 6. e3 Qb6 7. Qc2 Nxd5 8. Bc4
Nf6 9. Qb3 Qxb3 10. Bxb3 Nc6 11. Nbd2 d6 12. h3 Bf5 13. O-O Ne4 14. Bf4 Nxd2
15. Nxd2 Ne5 16. e4 Bd7 17. Rab1 b5 18. Be3 a5 19. Bc2 Be6 20. f4 Nc4 21. Nxc4
Bxc4 22. Rf2 Bxa2 23. Rd1 a4 24. Bd3 b4 25. c4 Bb3 26. Rc1 a3 27. bxa3 bxa3 28.
e5 a2 29. Rff1 dxe5 30. Bd2 exf4 31. Ra1 Bxa1 32. Rxa1 0-1

[Event "29th SPRING FESTIVAL -  BUDAPEST"]
[Site "Budapest"]
[Date "2012.03.22"]
[Round "5.1"]
[White "Bach, Matthias"]
[Black "Horvath, David"]
[Result "0-1"]
[WhiteElo "2263"]
[BlackElo "2389"]
[PlyCount "80"]
[EventDate "2012.03.18"]

1. d3 d5 2. Nd2 Nf6 3. c4 c6 4. e3 e5 5. Ne2 Bd6 6. Ng3 O-O 7. Be2 Be6 8. b3
Nbd7 9. Bb2 Re8 10. O-O Nf8 11. f4 exf4 12. exf4 dxc4 13. dxc4 Bc5+ 14. Kh1 Bd4
15. Qc2 Bg4 16. Nf3 Bxb2 17. Qxb2 Ne4 18. Nxe4 Rxe4 19. Ng1 Qh4 20. Bxg4 Qxg4
21. Rf3 Qd7 22. Raf1 Ne6 23. Ne2 Re8 24. Ng3 Rd4 25. Nf5 Rd1 26. h3 Rxf1+ 27.
Rxf1 Qd3 28. Qb1 Nxf4 29. Qxd3 Nxd3 30. Kh2 g6 31. Nd6 Re7 32. Rd1 Nc5 33. b4
Na6 34. a3 Rd7 35. c5 b6 36. Rc1 bxc5 37. bxc5 Kf8 38. Ne4 Rd4 39. Ng5 h6 40.
Nf3 Rd5 0-1

[Event "29th SPRING FESTIVAL -  BUDAPEST"]
[Site "Budapest"]
[Date "2012.03.22"]
[Round "5.2"]
[White "Nagy, Ervin"]
[Black "Kubacsny, Laszlo"]
[Result "1-0"]
[WhiteElo "2256"]
[BlackElo "2256"]
[PlyCount "93"]
[EventDate "2012.03.18"]

1. Nf3 Nf6 2. g3 g6 3. Bg2 Bg7 4. O-O O-O 5. d4 d6 6. Re1 c5 7. dxc5 dxc5 8.
Qxd8 Rxd8 9. Ne5 Nd5 10. Nc4 Nc6 11. c3 Be6 12. Nba3 Rd7 13. Bd2 Rad8 14. Rec1
f5 15. e4 Nf6 16. exf5 Bxc4 17. Nxc4 Rxd2 18. Nxd2 Rxd2 19. fxg6 hxg6 20. Rd1
Rxb2 21. Rdb1 Rb6 22. Rxb6 axb6 23. Rb1 Nd7 24. Bh3 Ncb8 25. Rd1 Nf8 26. Rb1
Nbd7 27. c4 Kf7 28. Bg2 Bc3 29. Bxb7 Ba5 30. Rd1 e6 31. f4 Ke7 32. Kf2 e5 33.
Kf3 Ne6 34. Bc8 Nd4+ 35. Ke3 exf4+ 36. Kxf4 Ne6+ 37. Kf3 Ne5+ 38. Ke4 Nxc4 39.
Rd7+ Kf6 40. Kd5 Ne3+ 41. Ke4 Nf5 42. g4 Nfg7 43. h4 g5 44. h5 Bc3 45. Rb7 Ne8
46. Rxb6 N8c7 47. Bxe6 1-0

[Event "29th SPRING FESTIVAL -  BUDAPEST"]
[Site "Budapest"]
[Date "2012.03.22"]
[Round "5.4"]
[White "Juracsik, Jozsef"]
[Black "Brustkern, Juergen"]
[Result "1/2-1/2"]
[WhiteElo "2136"]
[BlackElo "2237"]
[PlyCount "48"]
[EventDate "2012.03.18"]

1. e4 c5 2. Nf3 Nc6 3. Bb5 g6 4. O-O Bg7 5. Re1 a6 6. Bf1 e5 7. c3 Nge7 8. d4
cxd4 9. cxd4 exd4 10. Nbd2 O-O 11. Nb3 d5 12. e5 Bg4 13. Bf4 Nf5 14. h3 Bxf3
15. Qxf3 Re8 16. Bd3 Nxe5 17. Bxe5 Rxe5 18. Rxe5 Bxe5 19. Bxf5 gxf5 20. Nc1 Qd7
21. Nd3 Bd6 22. g3 Re8 23. Qxd5 Qe6 24. Qxd4 Qg6 1/2-1/2

[Event "29th SPRING FESTIVAL -  BUDAPEST"]
[Site "Budapest"]
[Date "2012.03.22"]
[Round "5.6"]
[White "Szalanczy, Emil"]
[Black "Marjanovics, Gyorgy"]
[Result "1-0"]
[WhiteElo "2237"]
[BlackElo "2116"]
[PlyCount "75"]
[EventDate "2012.03.18"]

1. e4 e5 2. Nf3 Nc6 3. Bb5 Nf6 4. O-O Nxe4 5. d4 Nd6 6. Bxc6 dxc6 7. dxe5 Nf5
8. Qxd8+ Kxd8 9. Nc3 Ke8 10. h3 Be7 11. Ne2 Nh4 12. Nxh4 Bxh4 13. Bf4 a6 14.
Rad1 h5 15. Nd4 Bd8 16. Rd3 c5 17. Nf3 Be6 18. Rfd1 Be7 19. Bg5 Bc4 20. Rd7 f6
21. exf6 gxf6 22. Bh4 Be2 23. Rxe7+ Kxe7 24. Re1 Rhe8 25. Rxe2+ Kf7 26. Kf1
Rad8 27. Rxe8 Rxe8 28. Bg3 Re7 29. Bf4 Kg6 30. Nh4+ Kf7 31. Nf5 Rd7 32. Ke2 Rd5
33. Ne3 Rd7 34. h4 Ke6 35. a3 b5 36. g3 c4 37. Ng2 c6 38. Be3 1-0

[Event "29th SPRING FESTIVAL -  BUDAPEST"]
[Site "Budapest"]
[Date "2012.03.22"]
[Round "5.7"]
[White "Gal, Hanna Krisztina"]
[Black "Koczo, Kristof"]
[Result "0-1"]
[WhiteElo "2057"]
[BlackElo "2219"]
[PlyCount "92"]
[EventDate "2012.03.18"]

1. e4 c6 2. d4 d5 3. Nd2 dxe4 4. Nxe4 Nd7 5. Ng5 Ngf6 6. Bd3 e5 7. Qe2 Bb4+ 8.
c3 Be7 9. N1f3 exd4 10. Nxd4 O-O 11. O-O h6 12. Ngf3 Re8 13. Qc2 Nc5 14. Bf5
Bxf5 15. Nxf5 Qd3 16. Qxd3 Nxd3 17. Rd1 Rad8 18. Be3 Bf8 19. Bd4 Nxb2 20. Rdb1
Ba3 21. Nxh6+ gxh6 22. Bxf6 Rd6 23. Bd4 b6 24. Re1 Rde6 25. Rxe6 Rxe6 26. Re1
Rxe1+ 27. Nxe1 c5 28. Bf6 c4 29. Bd4 Na4 30. Nc2 Bb2 31. Kf1 Bxc3 32. Bxc3 Nxc3
33. a3 Kg7 34. Ke1 Kf6 35. Kd2 Nd5 36. Nd4 a6 37. Nc6 b5 38. Nb8 Nc7 39. Nc6
Ke6 40. Kc3 Kd5 41. Na5 Ne6 42. a4 Nd8 43. axb5 axb5 44. f4 Kc5 45. g4 b4+ 46.
Kb2 Kb5 0-1

[Event "29th SPRING FESTIVAL -  BUDAPEST"]
[Site "Budapest"]
[Date "2012.03.22"]
[Round "5.8"]
[White "Zentai, Peter"]
[Black "Letay, Gyula"]
[Result "1-0"]
[WhiteElo "2269"]
[BlackElo "1967"]
[PlyCount "57"]
[EventDate "2012.03.18"]

1. d4 d5 2. c4 e6 3. Nf3 Nf6 4. g3 b6 5. Bg2 Be7 6. O-O O-O 7. Qc2 Bb7 8. Nc3
a6 9. Ne5 Ra7 10. Rd1 Nbd7 11. Bf4 Qa8 12. Nxd7 Nxd7 13. cxd5 Bxd5 14. Nxd5
exd5 15. Rac1 g5 16. Be3 h6 17. Qf5 Nf6 18. h4 gxh4 19. Bxh6 Kh8 20. Bxf8 Qxf8
21. gxh4 Qg7 22. Qc8+ Ng8 23. Rxc7 Rxc7 24. Qxc7 Bxh4 25. Qe5 Bf6 26. Qxd5 Nh6
27. Rd3 Qg4 28. Qa8+ Kh7 29. Rg3 1-0